Niektoré problémy vplyvu inovácií na zamestnanosť

Problémy a tendencie vplyvu inovácií na zamestnanosť v troch rovinách: 1. metodologické problémy vzťahu inovácií a zamestnanosti, 2. inovácie a zamestnanosť vo vyspelých krajinách, 3. perspektívne dôsledky inovácií na zamestnanosť.

Salvato in:
Dettagli Bibliografici
Autore principale: Zajac, Štefan
Natura: Capitolo di libro
Lingua:slovacco
Soggetti:
Tags: Aggiungi Tag
Nessun Tag, puoi essere il primo ad aggiungerne!!

MARC

LEADER 00000naa$a2200000$$$4500
001 0007562
005 20231102102500.6
041 0 |a slo 
044 |a SK 
245 1 0 |a Niektoré problémy vplyvu inovácií na zamestnanosť  |c Štefan Zajac 
520 |a Problémy a tendencie vplyvu inovácií na zamestnanosť v troch rovinách: 1. metodologické problémy vzťahu inovácií a zamestnanosti, 2. inovácie a zamestnanosť vo vyspelých krajinách, 3. perspektívne dôsledky inovácií na zamestnanosť. 
610 2 0 |a inovácia 
610 2 0 |a zamestnanosť 
610 2 0 |a metodológia 
610 2 0 |a teórie ekonomické 
610 2 0 |a nezamestnanosť 
610 2 0 |a práca 
610 2 0 |a technológie informačné 
610 2 0 |a spoločnosť informačná 
100 1 |a Zajac, Štefan